000 00451nam a2200181Ia 4500
003 GCL
008 140319s9999 xx 000 0 eng d
040 _aGCL /
_cGCL
082 0 4 _a808.02
_bR F
100 1 _aRASEY, JANET E
245 1 0 _aFEATURE MAGAZINE: ARTICLE WRITING /
_cRASEY, JANET E
260 _a[S.N] :
_bBROWN & BENCHMARK
300 _a362 P
650 0 4 _aARTICLES
650 0 4 _aWRITING
650 0 4 _aFEATURE WRITING
942 _2ddc
_cBK
999 _c13247
_d13247